000 01165cas a22002415 4500
001 L152386
008 111108c2011 xxuqr ws s 0 a0eng u
035 _a(Sirsi) u152386
041 0 _aeng
050 _a333.33 $2 18
110 2 _aJones Lang LaSalle
_93755
245 0 0 _aU.S. Office Property Clock
_h[electronic resource]
260 _a[S.l.]
_bJones Lang LaSalle
_c2010
362 0 _aQ4 2010-
490 0 _aJones Lang LaSalle U.S. Office Property Clock
_vQ4 2010-
520 _aThe Jones Lang LaSalle office clock demonstrates where each market sits within its real estate cycle. Markets generally move clockwise around the clock, with markets on the left side of the clock generally landlord-favorable and markets on the right side of the clock generally tenant-favorable.
554 _aFour per year
650 2 4 _aJONES LANG LASALLE U.S. OFFICE PROPERTY CLOCK
651 4 _aUnited States
_y1959-
690 _aPROPERTY-COMMERCIAL PROPERTY-COMMERCIAL PROPERTY MARKET
856 4 0 _uhttps://www.us.am.joneslanglasalle.com/UnitedStates/EN-US/Pages/Office-Property-Clock.aspx
_zView the report free of charge at www.us.am.joneslanglasalle
942 _n0
999 _c119299
_d119299